Mathematics : a house built on sand?

Αποθηκεύτηκε σε:
Λεπτομέρειες βιβλιογραφικής εγγραφής
Κύριος συγγραφέας: Niven, Ivan, 1915-1999
Μορφή: Βιβλίο
Γλώσσα:English
Δημοσίευση: Eugene : University of Oregon, 1959
Θέματα:
Ετικέτες: Προσθήκη ετικέτας
Δεν υπάρχουν, Καταχωρήστε ετικέτα πρώτοι!

MARC

LEADER 00000cam a2200000 i 4500
001 1/6339
008 100412s1959 eng d
035 |l 10107476 
040 |a GR-MY-UA  |b gre  |e aacr 
041 0 |a eng 
082 0 |a 510  |2 (22) 
100 1 |a Niven, Ivan,   |d 1915-1999. 
245 1 0 |a Mathematics :  |b a house built on sand? /  |c Ivan Niven 
260 |a Eugene :   |b University of Oregon,   |c 1959 
300 |a 38 σ.;  |c 19 εκ. 
504 |a Βιβλιογραφία: σ. 37-38 
650 0 0 |a Mathematics. 
852 |a INST  |b SAMOS  |c MAG  |e 20100412  |h 510 NIV  |p 005300032057  |q 005300032057  |t BK  |y 0 
901 |a BIBL3-2010-1 
909 |a Σ  |b 162150 
970 |a ΣΙΤΖΙΜΗ  |b ΓΙΑΣΕΜΗ  |z 2010/04/12